乃木坂46の表題曲だけを選べ! - Statistics

General Stats
  • This quiz has been taken 37 times
  • The average score is 15 of 21
Answers on the Grid
Answers color-coded by a green-red scale on the quiz's grid according to % correct below.
ぐるぐるカーテン
乃木坂の詩
制服のマネキン
心の薬
涙がまだ悲しみだった頃
ガールズルール
僕が行かなきゃ誰が行くんだ?
遠回りの愛情
あらかじめ語られるロマンス
太陽ノック
ハルジオンが咲く頃
裸足でSummer
サヨナラの意味
君に贈る花がない
インフルエンサー
人生を考えたくなる
泣いたっていいじゃないか?
僕の衝動
シンクロニシティ
ジコチューで行こう!
日常
夜明けまで強がらなくてもいい
I see...
明日がある理由
全部 夢のまま
大人たちには指示されない
君に叱られた
Actually...
好きというのはロックだぜ!
バンドエイド剥がすような別れ方
ここにはないもの
これから
黄昏はいつも
おひとりさま天国
誰かの肩
チャンスは平等
チートデイ
落とし物
歩道橋
相対性理論に異議を唱える
雪が降る日にまた会おう
ネーブルオレンジ
交感神経優位
タイムリミット片想い
Same numbers
純粋とは何か?
クリフハンガー
Love yourself!
何歳の頃に戻りたいのか?
The growing up train
 
Answer Stats
Answer % Correct
1stシングル表題曲 ぐるぐるカーテン
83%
4thシングル表題曲 制服のマネキン
83%
17thシングル表題曲 インフルエンサー
83%
20thシングル表題曲 シンクロニシティ
83%
21stシングル表題曲 ジコチューで行こう!
83%
15thシングル表題曲 裸足でSummer
83%
16thシングル表題曲 サヨナラの意味
78%
24thシングル表題曲 夜明けまで強がらなくてもいい
78%
30thシングル表題曲 好きというのはロックだぜ!
78%
33rdシングル表題曲 おひとりさま天国
78%
38thシングル表題曲 ネーブルオレンジ
74%
6thシングル表題曲 ガールズルール
70%
12thシングル表題曲 太陽ノック
70%
36thシングル表題曲 チートデイ
70%
28thシングル表題曲 君に叱られた
65%
35thシングル表題曲 チャンスは平等
65%
29thシングル表題曲 Actually...
65%
14thシングル表題曲 ハルジオンが咲く頃
61%
37thシングル表題曲 歩道橋
61%
31stシングル表題曲 ここにはないもの
57%
39thシングル表題曲 Same numbers
57%
No matching quizzes found
Score Distribution
Percent of People with Each Score
Percentile by Number Answered
Your Score History
You have not taken this quiz